Θέρμη και φως : αφιερωματικός τόμος στη μνήμη του Α.-Φ.Χριστίδη = Licht und warme : in memory of A.-F.Christidis
Αποθηκεύτηκε σε:
| Συγγραφή απο Οργανισμό/Αρχή: | |
|---|---|
| Άλλοι συγγραφείς: | |
| Μορφή: | Βιβλίο |
| Γλώσσα: | Greek French English |
| Δημοσίευση: |
Θεσσαλονίκη :
Κέντρο Ελληνικής Γλώσσας,
2008
|
| Θέματα: | |
| Ετικέτες: |
Προσθήκη ετικέτας
Δεν υπάρχουν, Καταχωρήστε ετικέτα πρώτοι!
|
MARC
| LEADER | 00000cam a2200000 i 4500 | ||
|---|---|---|---|
| 001 | 1/23259 | ||
| 008 | 121011s2008 gre d | ||
| 020 | |a 978-960-7779-42-7 | ||
| 035 | |l 10113209 | ||
| 040 | |a GR-MY-UA |b gre |e aacr | ||
| 041 | 0 | |a gre |a fre |a eng | |
| 082 | 0 | |a 489.3 |2 (22) | |
| 245 | 1 | 0 | |a Θέρμη και φως : |b αφιερωματικός τόμος στη μνήμη του Α.-Φ.Χριστίδη = Licht und warme : in memory of A.-F.Christidis / |c επιστημονική επιμέλεια: Μαρία Θεοδωροπούλου, editor Maria Theodoropoulou |
| 246 | 2 | 1 | |a Licht und warme |
| 260 | |a Θεσσαλονίκη : |b Κέντρο Ελληνικής Γλώσσας, |c 2008 | ||
| 300 | |a 663 σ.; |c 27 εκ. | ||
| 500 | |a Κείμενα και περιλήψεις στα ελληνικά, αγγλικά και γερμανικά | ||
| 504 | |a Περιέχει βιβλιογραφικές παραπομπές και ευρετήριο | ||
| 600 | 1 | 0 | |a Χριστίδης Αναστάσιος-Φοίβος. |
| 650 | 0 | 0 | |a Language and languages. |
| 650 | 0 | 0 | |a Greek language, Modern |x History. |
| 700 | 1 | |a Χριστίδης, Αναστάσιος-Φοίβος. |4 hnr | |
| 700 | 1 | |a Θεοδωροπούλου, Μαρία. |4 edt | |
| 710 | 2 | |a Κέντρο Ελληνικής Γλώσσας. | |
| 852 | |a INST |b RHODES |e 20121011 |h 489.3 ΘΕΡ |p 005400034552 |q 005400034552 |t BK |y 0 | ||
| 901 | |a BIBL4-2012-3 | ||
| 909 | |a Ρ |b 171183 | ||
| 922 | |a 4ΕΛΗ | ||
| 970 | |z 2012/10/11 | ||